[Event "Niederbayernliga 1516"]
[Site "Bayern"]
[Date "2016.01.17"]
[Round "5.8"]
[White "Poeschl, Rainer"]
[Black "Latzel, Wolfgang"]
[Result "1-0"]
[WhiteElo "1670"]
[BlackElo "1799"]
[PlyCount "73"]
[EventDate "2015.10.11"]
[EventType "team-tourn"]
[EventRounds "9"]
[EventCountry "GER"]
[SourceTitle "EXT 2023"]
[Source "ChessBase"]
[SourceDate "2022.10.05"]
[SourceVersion "1"]
[SourceVersionDate "2022.10.05"]
[SourceQuality "1"]
[WhiteTeam "Roehrnbach II"]
[BlackTeam "Landshut"]
[WhiteTeamCountry "GER"]
[BlackTeamCountry "GER"]

1. d4 d6 2. c4 g6 3. Nc3 Bg7 4. Nf3 Nc6 5. d5 Nb8 6. Bd2 e5 7. e4 Ne7 8. Be2 0-0 9. 0-0 f5 10. b4 Nd7 11. Rc1 Nf6 12. Bd3 fxe4 13. Nxe4 Bg4 14. Nxf6+ Rxf6 15. Be4 Qd7 16. Qb3 Raf8 17. Bg5 R6f7 18. c5 Kh8 19. c6 bxc6 20. Bxe7 Qxe7 21. Rxc6 Bh6 22. Rc3 Rf4 23. Qc2 R8f7 24. Ne1 Bc8 25. b5 Bf5 26. Bxf5 R4xf5 27. Rf3 Rxf3 28. Nxf3 Rxf3 29. gxf3 Bf4 30. Rd1 Qh4 31. Kf1 Qxh2 32. Ke2 Bg3 33. Rf1 Bh4 34. Qxc7 Qf4 35. Qc8+ Kg7 36. Qg4 Qf6 37. Rh1 1-0

[Event "Niederbayernliga 1011"]
[Site "Germany"]
[Date "2011.03.20"]
[Round "8.6"]
[White "Senff, Rudolf"]
[Black "Poeschl, Rainer"]
[Result "1-0"]
[WhiteElo "1718"]
[BlackElo "1582"]
[PlyCount "111"]
[EventDate "2010.10.10"]
[EventType "team-tourn"]
[EventRounds "9"]
[EventCountry "GER"]
[SourceTitle "EXT 2012"]
[Source "ChessBase"]
[SourceDate "2011.11.24"]
[SourceVersion "1"]
[SourceVersionDate "2011.11.24"]
[SourceQuality "1"]
[WhiteTeam "Adlkofen"]
[BlackTeam "Roehrnbach"]
[WhiteTeamCountry "GER"]
[BlackTeamCountry "GER"]

1. Nf3 Nf6 2. g3 d5 3. Bg2 c6 4. 0-0 Bf5 5. d3 Qc8 6. Re1 Bh3 7. e4 Bxg2 8. Kxg2 dxe4 9. dxe4 e6 10. e5 Nd5 11. c4 Nb6 12. Qe2 Bc5 13. a3 a5 14. Nc3 0-0 15. Bg5 h6 16. Bf4 N8d7 17. Ne4 Rd8 18. Nxc5 Nxc5 19. Be3 Nbd7 20. Rad1 Qc7 21. h4 Nb3 22. Bf4 Qb6 23. g4 Nf8 24. g5 h5 25. Rd6 Qc7 26. Red1 Rab8 27. Ne1 g6 28. Be3 Nd7 29. f4 Ndc5 30. Bxc5 Nxc5 31. Qe3 b6 32. Qf3 Rxd6 33. Rxd6 Rc8 34. Qd1 b5 35. b4 axb4 36. axb4 Ne4 37. Rd7 Qb6 38. c5 Qa6 39. Qc2 Ra8 40. Qxe4 Qa2+ 41. Qc2 Qxc2+ 42. Nxc2 Ra2 43. Rd2 Kf8 44. Kf2 Ke7 45. Ke3 Rb2 46. Nd4 Rxd2 47. Kxd2 Kd7 48. Ke3 Kc7 49. Kf3 Kd7 50. Ke4 Kc7 51. f5 exf5+ 52. Nxf5 gxf5+ 53. Kxf5 Kd7 54. Kf6 Ke8 55. e6 fxe6 56. Kxe6 1-0

[Event "Niederbayernliga 1112"]
[Site "Bayern"]
[Date "2011.??.??"]
[Round "2"]
[White "Westenthanner, Paul"]
[Black "Poeschl, Rainer"]
[Result "1-0"]
[WhiteElo "1664"]
[BlackElo "1582"]
[PlyCount "39"]
[EventDate "2011.10.??"]
[EventType "team-tourn"]
[EventRounds "9"]
[EventCountry "GER"]
[SourceTitle "EXT 2023"]
[Source "ChessBase"]
[SourceDate "2022.10.05"]
[SourceVersion "1"]
[SourceVersionDate "2022.10.05"]
[SourceQuality "1"]
[WhiteTeam "Landshut II"]
[BlackTeam "Roehrnbach"]
[WhiteTeamCountry "GER"]
[BlackTeamCountry "GER"]

1. d4 d5 2. Nf3 Nf6 3. Bf4 e6 4. e3 c5 5. c3 Be7 6. Bd3 0-0 7. Ne5 Nbd7 8. Nd2 Nxe5 9. dxe5 Nd7 10. Qh5 g6 11. Qg4 Re8 12. h4 Kg7 13. h5 Rh8 14. Nf3 b6 15. Bh6+ Kxh6 16. hxg6+ Kg7 17. gxf7+ Kxf7 18. Rxh7+ Rxh7 19. Qg6+ Kf8 20. Qxh7 1-0

[Event "Niederbayernliga 0910"]
[Site "Germany"]
[Date "2010.02.07"]
[Round "6.5"]
[White "Bergmann, Reiner"]
[Black "Poeschl, Rainer"]
[Result "0-1"]
[WhiteElo "1679"]
[BlackElo "1511"]
[PlyCount "60"]
[EventDate "2009.10.18"]
[EventType "team-tourn"]
[EventRounds "9"]
[EventCountry "GER"]
[SourceTitle "EXT 2011"]
[Source "ChessBase"]
[SourceDate "2010.11.26"]
[SourceVersion "1"]
[SourceVersionDate "2010.11.26"]
[SourceQuality "1"]
[WhiteTeam "Bayerwald"]
[BlackTeam "Roehrnbach"]
[WhiteTeamCountry "GER"]
[BlackTeamCountry "GER"]

1. e4 c6 2. d4 d5 3. exd5 cxd5 4. Nc3 Nc6 5. Bd3 Nf6 6. Nge2 Bg4 7. f3 Bh5 8. g4 Bg6 9. Bxg6 hxg6 10. Bf4 a6 11. Qd2 e6 12. 0-0-0 Bd6 13. h4 Qc7 14. Bxd6 Qxd6 15. Qf4 Qxf4+ 16. Nxf4 b5 17. Nce2 Rc8 18. Kb1 Nb4 19. c3 Nc6 20. h5 gxh5 21. Nxh5 Nxh5 22. gxh5 Kd7 23. Rdg1 Rh7 24. Rg2 g6 25. Rgh2 Rch8 26. Nf4 Ne7 27. Kc2 Ng8 28. Kd3 Nf6 29. a4 Nxh5 30. Ne2 Nf4+ 0-1

[Event "Niederbayernliga 0607"]
[Site "Germany"]
[Date "2006.??.??"]
[Round "1.8"]
[White "Hofmann, Paul"]
[Black "Poeschl, Rainer"]
[Result "1-0"]
[WhiteElo "1749"]
[BlackElo "1480"]
[PlyCount "85"]
[EventDate "2006.??.??"]
[EventType "team"]
[EventRounds "9"]
[EventCountry "GER"]
[SourceTitle "EXT 2008"]
[Source "ChessBase"]
[SourceDate "2007.11.25"]
[SourceVersion "1"]
[SourceVersionDate "2007.11.25"]
[SourceQuality "1"]
[WhiteTeam "Ergolding"]
[BlackTeam "Waldkirchen"]
[WhiteTeamCountry "GER"]
[BlackTeamCountry "GER"]

1. e4 c6 2. c4 d5 3. exd5 cxd5 4. d4 e6 5. Nf3 Be7 6. Nc3 Nf6 7. Bf4 a6 8. Bxb8 Rxb8 9. c5 0-0 10. Bd3 Qc7 11. 0-0 b6 12. b4 a5 13. a3 bxc5 14. bxc5 Bd7 15. a4 Ng4 16. Qc2 Nf6 17. Ne5 h6 18. Nb5 Qd8 19. c6 Rc8 20. Nxd7 Nxd7 21. c7 Qe8 22. Na7 Ra8 23. c8Q Rxc8 24. Nxc8 Qxc8 25. Qd2 Bf6 26. Bb5 Nb6 27. Rac1 Qb8 28. g3 Qa7 29. Rc6 Rc8 30. Rfc1 Rxc6 31. Rxc6 Na8 32. Ra6 Qb7 33. Qxa5 Bxd4 34. Rxa8+ Kh7 35. Qd8 Kg6 36. Qc8 Qe7 37. Qc2+ Kf6 38. Re8 Qa3 39. Kg2 Bc3 40. Rc8 Be5 41. f4 Bd4 42. Qd2 Qa1 43. Rc1 1-0

[Event "Niederbayernliga 0607"]
[Site "Germany"]
[Date "2006.??.??"]
[Round "3.7"]
[White "Poeschl, Rainer"]
[Black "Ranzinger, Martin"]
[Result "1/2-1/2"]
[WhiteElo "1480"]
[BlackElo "1627"]
[PlyCount "46"]
[EventDate "2006.??.??"]
[EventType "team"]
[EventRounds "9"]
[EventCountry "GER"]
[SourceTitle "EXT 2008"]
[Source "ChessBase"]
[SourceDate "2007.11.25"]
[SourceVersion "1"]
[SourceVersionDate "2007.11.25"]
[SourceQuality "1"]
[WhiteTeam "Waldkirchen"]
[BlackTeam "Grafenau"]
[WhiteTeamCountry "GER"]
[BlackTeamCountry "GER"]

1. e4 c5 2. c3 Nc6 3. d4 cxd4 4. cxd4 d5 5. e5 e6 6. Nf3 Bb4+ 7. Bd2 Bxd2+ 8. Nbxd2 Qb6 9. Nb3 Qb4+ 10. Qd2 Qxd2+ 11. Nbxd2 Nge7 12. Bd3 0-0 13. 0-0 Bd7 14. a3 Ng6 15. g3 Rac8 16. b4 Nb8 17. Rac1 Rxc1 18. Rxc1 Rc8 19. Rxc8+ Bxc8 20. Nb3 b6 21. Nfd2 Ne7 22. f4 Kf8 23. Nb1 Bb7 1/2-1/2